Systems programming and operating systems (Record no. 199613)

MARC details
000 -LEADER
fixed length control field 00477nam a2200181Ia 4500
008 - FIXED-LENGTH DATA ELEMENTS--GENERAL INFORMATION
fixed length control field 231217s9999 xx 000 0 und d
020 ## - INTERNATIONAL STANDARD BOOK NUMBER
International Standard Book Number 74630830
041 ## - LANGUAGE CODE
Language code of text/sound track or separate title English
082 ## - DEWEY DECIMAL CLASSIFICATION NUMBER
Classification number 001.642 DHA;27
100 ## - MAIN ENTRY--PERSONAL NAME
Personal name Dhamdhere, D M.
245 #0 - TITLE STATEMENT
Title Systems programming and operating systems
250 ## - EDITION STATEMENT
Edition statement 2nd ed.
260 ## - PUBLICATION, DISTRIBUTION, ETC.
Date of publication, distribution, etc. 1997
Name of publisher, distributor, etc. Tata McGraw-Hill
Place of publication, distribution, etc. New Delhi
300 ## - PHYSICAL DESCRIPTION
Extent xv, 711
500 ## - GENERAL NOTE
General note Content page available.
650 ## - SUBJECT ADDED ENTRY--TOPICAL TERM
Topical term or geographic name entry element programming,operating
942 ## - ADDED ENTRY ELEMENTS (KOHA)
Koha item type Books
Holdings
Date last seen Total checkouts Full call number Accession number Price effective from Category Lost status Damaged status Department Withdrawn status Home library Current library Shelving location Entry date Grants Currency symbol Conversion rate Discount
26/01/2024   001.642 DHA;27 93385 26/01/2024 Books     MCA   Central Library Central Library MCA 11/11/2020 MCA RS 1  

© For any Suggestions or Query, please contact the library staff @ librarian@pes.edu or Phone: +9180 2672 1983/ 2108.